000 00240nam a2200097Ia 4500
008 190216s9999||||xx |||||||||||||| ||und||
100 _aNull
245 0 _aHindi-Bala Guru Anand Kumara Swami
260 _bMac Millian And Com. Ltd
942 _cBK
999 _c17152
_d17152